000 00578nam a2200217 a 4500
001 44989
003 BD-RjUL
005 20211209053939.0
008 160721r19701969pk ||||| |||| 00| 0 eng d
035 _a(BD-RjUL)45107
040 _aBD-RjUL
_beng
_cBD-RjUL
041 _aeng
082 _223
_a340
_bQUL 1970
100 1 _aQureshi, M H
_9137872
245 1 0 _aLectures on jurisprudence /
_c M H Qureshi,
250 _a2nd ed.
260 _aKarachi :
_bNafees Publication,
_c1970
300 _a[8], iv, 198 p. ;
_c19 cm
650 _aJurisprudence.
_9117743
942 _2ddc
_cBK
999 _c44989
_d44989